Statistics for Benin Country Quiz

Click here to take the quiz!

General Stats

  • This quiz has been taken 6,672 times
    (6,629 since last reset)
  • The average score is 10 of 15

Answer Stats

Hint Answer % Correct
Official languageFrench
96%
Country bordering Benin to the westTogo
91%
Ideology of the Benin government 1975–1990{Commun}ism
87%
Another former name for the area around Benin,
named for a cruel trade
{Slave} Coast
83%
Gulf that the above is part ofGulf of {Guinea}
80%
Currency shared by Benin and seven other countriesWest African CFA Franc
72%
Religion practiced by 11.6% of Benin residents, a higher percentage
than in any other country (hint: starts with V)
Voudon
72%
European country that is nearest in size and shape to BeninPortugal
72%
Official capital of BeninPorto-Novo
62%
Foreign country where you'd find "Benin City"Nigeria
61%
Body of water on which Benin liesBight of {Benin}
52%
Seat of government and largest cityCotonou
47%
Former name of BeninDahomey
30%
Two most-spoken native languages (name either)Fon | Yoruba
29%
Beninese-American actor who starred in "Blood Diamond" and "Gladiator"Djimon Hounsou
26%

Score Distribution

Percentile by Number Answered

Percent of People with Each Score

Your Score History

You have not taken this quiz since the last reset